书目信息 |
| 题名: |
数学思维与兴趣拓展读本
|
|
| 作者: | 巢传友 编著 | |
| 分册: | ||
| 出版信息: | 南昌 江西人民出版社 2016 |
|
| 页数: | 299页 | |
| 开本: | 24cm | |
| 丛书名: | ||
| 单 册: | ||
| 中图分类: | G634.603 | |
| 科图分类: | ||
| 主题词: | 中学数学课--zhong xue shu xue ke--教学参考资料 | |
| 电子资源: | ||
| ISBN: | 978-7-210-08819-6 | |
| 000 | 00787nam0 22002291 450 | |
| 001 | 0119165210 | |
| 005 | 20170619165210.0 | |
| 010 | @a978-7-210-08819-6@dCNY46.00 | |
| 100 | @a20161205d2016 em y0chiy50 ea | |
| 101 | 0 | @achi |
| 102 | @aCN@b360000 | |
| 105 | @ay z 000yy | |
| 106 | @ar | |
| 200 | 1 | @a数学思维与兴趣拓展读本@9shu xue si wei yu xing qu tuo zhan du ben@f巢传友编著 |
| 210 | @a南昌@c江西人民出版社@d2016 | |
| 215 | @a299页@d24cm | |
| 330 | @a本书共分八章,内容包括:趣味数学;基础奥数;经典数学;数学故事;数学好玩;数学游戏;奇妙的幻方;数学趣题等。 | |
| 606 | 0 | @a中学数学课@9zhong xue shu xue ke@j教学参考资料 |
| 690 | @aG634.603@v5 | |
| 701 | 0 | @a巢传友@9chao chuan you@f(1963~)@4编著 |
| 801 | 0 | @aCN@b百万庄@c20170616 |
| 905 | @b1010073-8@dG634.603@e1226@f6 | |
| 数学思维与兴趣拓展读本/巢传友编著.-南昌:江西人民出版社,2016 |
| 299页;24cm |
| ISBN 978-7-210-08819-6:CNY46.00 |
| 本书共分八章,内容包括:趣味数学;基础奥数;经典数学;数学故事;数学好玩;数学游戏;奇妙的幻方;数学趣题等。 |
| ● |
| 相关链接 |
|
|
|
|
正题名:数学思维与兴趣拓展读本
索取号:G634.603/1226
 
预约/预借
| 序号 | 登录号 | 条形码 | 馆藏地/架位号 | 状态 | 备注 |
| 1 | 1010073 | 210100736 | 第一样本阅览室/ [索取号:G634.603/1226] | 在馆 | |
| 2 | 1010074 | 210100745 | 教育系资料室/ [索取号:G634.603/1226] | 在馆 | |
| 3 | 1010075 | 210100754 | 教育系资料室/ [索取号:G634.603/1226] | 在馆 | |
| 4 | 1010076 | 210100763 | 教育系资料室/ [索取号:G634.603/1226] | 在馆 | |
| 5 | 1010077 | 210100772 | 第四借阅区/ [索取号:G634.603/1226] | 在馆 | |
| 6 | 1010078 | 210100781 | 第四借阅区/ [索取号:G634.603/1226] | 在馆 |